New words containing 'OLD' - Statistics

General Stats
  • This quiz has been taken 10 times
  • The average score is 7 of 15
Answer Stats
Question Answer % Correct
Ubiquitous colour of a carriage clock Gold
89%
Make more brave Embolden
67%
Times ten Tenfold
67%
Part of an engines exhaust system Manifold
56%
Keep moneys from someone etc Withhold
56%
Finish the idiom, "low and......" Behold
44%
Bond movie, the theme to which, was sung by Tina Turner GoldenEye
44%
Dangermouses' pal Penfold
44%
Used by workmen, to aid accessibility, during building works Scaffolding
44%
Castle in Germany, once a POW camp Colditz
33%
Used to adjoin two pieces of metal Solder
33%
Army personnel Soldiers
33%
Rebuke Scold
22%
Tales, kept from others Untold
22%
The 'insured' Policyholder
11%
No matching quizzes found
Score Distribution
Percent of People with Each Score
Percentile by Number Answered
Your Score History
You have not taken this quiz